Strategic plan of mangrove resources mangement in preah sihanouk""ream"nationl park (ផែនការយុទ្ធសាស្រ្តនៃការគ្រប់គ្រងធនធានព្រៃកោងកាងនៅក្នុងឧទ្យានជាតិព្រះសីហនុ "រាម") (Record no. 3201)

000 -LEADER
fixed length control field 00677nam a22001577a 4500
003 - CONTROL NUMBER IDENTIFIER
control field OSt
005 - DATE AND TIME OF LATEST TRANSACTION
control field 20151106092852.0
008 - FIXED-LENGTH DATA ELEMENTS--GENERAL INFORMATION
fixed length control field 151106b xxu||||| |||| 00| 0 eng d
040 ## - CATALOGING SOURCE
Transcribing agency `RUA
082 ## - DEWEY DECIMAL CLASSIFICATION NUMBER
Classification number FOR AN 2002 B128 Or.1
100 ## - MAIN ENTRY--PERSONAL NAME
9 (RLIN) 3431
Personal name AN, PUTHEARA.
245 ## - TITLE STATEMENT
Title Strategic plan of mangrove resources mangement in preah sihanouk""ream"nationl park (ផែនការយុទ្ធសាស្រ្តនៃការគ្រប់គ្រងធនធានព្រៃកោងកាងនៅក្នុងឧទ្យានជាតិព្រះសីហនុ "រាម")
260 ## - PUBLICATION, DISTRIBUTION, ETC. (IMPRINT)
Place of publication, distribution, etc. Phnom Penh
Name of publisher, distributor, etc. RUA
Date of publication, distribution, etc. 2002
300 ## - PHYSICAL DESCRIPTION
Extent 56p.
Other physical details ill.
Dimensions 29cm.
942 ## - ADDED ENTRY ELEMENTS (KOHA)
Source of classification or shelving scheme
Koha item type FOR
Holdings
Price effective from Date last seen Permanent Location Not for loan Date acquired Source of classification or shelving scheme Koha item type Lost status Withdrawn status Date last checked out Total Checkouts Shelving location Damaged status Barcode Current Location Full call number
2015-11-062015-11-06Library Block B 2015-11-06 FOR    B128 RUA028796`Library Block BFOR AN 2002 B128 Or.1
2015-11-062015-11-06Library Block B 2015-11-06 FOR    B128 RUA028724Library Block BFOR AN 2002 B128 Or.2
2015-11-062020-02-07Library Block B 2015-11-06 FOR  2020-01-101B128 RUA028123Library Block BFOR AN 2002 B128 Or.3
2015-11-062015-11-06Library Block B 2015-11-06 FOR    B128 RUA028122Library Block BFOR AN 2002 B128 Or.4
2015-11-062019-03-22Library Block B 2015-11-06 FOR  2019-03-223B128 RUA028050Library Block BFOR AN 2002 B128 Or.5
2015-11-062015-11-06Library Block B 2015-11-06 FOR    B128 RUA028476Library Block BFOR AN 2002 B128 Or.6
មជ្ឈមណ្ឌលឯការនៃសាកលវិទ្យាល័យភូមិន្ទកសិកម្មចំការដូង

Powered by Koha